000 00972nam a2200217Ia 4500
001 8603
003 GE_BSU
008 181216s||||||||xx |||||||||||||| ||und||
040 _cGE_BSU
080 _a355.486(=353.1)
100 _aთომაძე, ა
245 _aპარტიზანული ქრონიკები
245 _bვ. ოსიყაშვილის, ა. დიდიშვილის, ს. ბელქანიას და დ. მაღალაშვილის საბრძოლო ეპიზოდები უკრაინის მიწაზე
245 _cრედ.: უ. ბახტაძე; მხატვ.: ი. მჭედლიშვილი
260 _aთბილისი.
260 _bსაბჭ. საქართველო
260 _c1971
300 _a169 გვ; 4ფ. ილ. 20 სმ
653 _aპარტიზანული ქრონიკები
942 _cBK
999 _c41919
_d41919